Statistics for India

Click here to take the quiz!

General Stats

  • This quiz has been taken 247 times
  • The average score is 2 of 10

Answer Stats

Hint Answer % Correct
What is the traditional color to wear to an Indian funeralWhite
79%
What is Indias most popular beverageTea
58%
What do many Indian wives never say aloudHusbands name
48%
What flower is used as decoration for Hindu marriages and are a symbol of good fortune and happinessMarigold
26%
India leads the world with the most what per yearMurders
6%
India has the largest road network with how many million miles of road covering the country1.9
4%
While India may not be the biggest mango exporter, over how many million tons of mangoes are grown each year and is equivalent of over 2,400 Asian Elephants12
4%
What does it mean in India when you grasp your earsRepentance
2%
What is the world’s largest civilian employer with 16 million workersRail network
2%
What two foods does India produce the most of in the worldDry beans and bananas
1%

Score Distribution

Percentile by Number Answered

Percent of People with Each Score

Your Score History

You have not taken this quiz